Statystyki dla ROZPOZNAJ KRAJ PO STOLICY

Kliknij tutaj aby rozwiązać quiz!

Ogólne statystyki

  • Ten quiz został rozwiązany 28 razy
  • Średni wynik to 11 z 15

Statystyki odpowiedzi

PYTANIEODPOWIEDŹ% Poprawnych
MIŃSKBIAŁORUŚ
100%
TIRANAALBANIA
96%
DUBLINIRLANDIA
96%
WELLINGTONNOWA ZELANDIA
84%
BANGKOKTAJLANDIA
84%
TAJPEJTAJWAN
80%
MONTEWIDEOURUGWAJ
80%
KABULAFGANISTAN
72%
QUITOEKWADOR
72%
KUALA LUMPURMALEZJA
72%
DAKARSENEGAL
68%
ADDIS ABEBAETIOPIA
64%
MASKATOMAN
36%
BELMOPANBELIZE
24%
HARAREZIMBABWE
24%

Rozkład punktacji

Percentyl według liczby udzielonych odpowiedzi

Procent ludzi z każdym wynikiem

Twoja historia wyników

Nie rozwiązałeś tego quizu